00729nam a22001937a 4500003000900000008004100009040007100050082001800121100002100139245004200160260005100202300002800253505016300281650001700444650001100461650001000472650001300482700004000495AR-CdUCM190411b ||||| |||| 00| 0 spa d aMUNICIPALIDAD PROVINCIAL DEL CUSCOcBIBLIOTECA MUNICIPAL DEL CUSCO a301.15 /bP26 aPariguín, B.D. aLa psicología social como ciencia / aMontevideo :bEdiciones Pueblos Unidos,c1967. a249 páginas ;c20 cm. aContenido: La psicología social: un poco de historia -- Metodología de la psicología social -- Cuestiones teóricas -- La psicología social aplicada. aPsicología aSocial aRusia aHistoria aVidal Roget, Augusto (traducción)